00491 2200181 4500001002100000005001500021008004100036020002200077035001900099041000700118082000800125090001400133100002000147245003300167260006700200300003100267650001100298INLIS00000000000590620241224113205241224||||||||| | ||| |||| || |  a978-979-068-172-9 0010-1224005906 aid0 a530 a530 BAM f0 aBambang Haryadi00aFisika untuk SMA/MA Kelas XI aJakartabPusat Perbukuan, Departemen Pendidikan Nasionalc2009 avi, 234 hlm.; Ilus.: 25 cm 0aFisika